[Event "Bogota Navidad op"]
[Site "Bogota"]
[Date "2019.12.07"]
[Round "4"]
[White "Prada, Diogenes"]
[Black "Gutierrez Gutierrez, Jhonatan"]
[Result "1-0"]
[WhiteElo "1922"]
[BlackElo "1683"]
[PlyCount "52"]
[EventDate "2019.12.05"]
[EventType "swiss"]
[EventRounds "7"]
[EventCountry "COL"]
[SourceTitle "CBM 193 Extra"]
[Source "ChessBase"]
[SourceDate "2020.01.31"]
[SourceVersion "1"]
[SourceVersionDate "2020.01.31"]
[SourceQuality "1"]

1. e4 e6 2. Nf3 d5 3. exd5 exd5 4. d3 Bd6 5. g3 Nc6 6. Bg2 Bg4 7. 0-0 Qd7 8. Re1+ Nge7 9. c3 0-0-0 10. b4 Ng6 11. d4 h5 12. Qa4 Kb8 13. b5 Nce7 14. Ne5 Bxe5 15. dxe5 Bh3 16. e6 Bxe6 17. Be3 b6 18. Na3 h4 19. c4 hxg3 20. fxg3 Bh3 21. Bh1 d4 22. Rad1 Ne5 23. Qa6 Qc8 24. Qxc8+ Kxc8 25. Bg5 f6 26. Bc1 N5g6 1-0